LIBRARY & INFORMATION CENTRE, KCAET, TAVANUR

ONLINE PUBLIC ACCESS CATALOGUE (OPAC)

Shakespear criticism / (Record no. 6905)

MARC details
000 -LEADER
fixed length control field 00441cam a2200181ua 4500
041 ## - LANGUAGE CODE
Language code of text/sound track or separate title eng
082 ## - DEWEY DECIMAL CLASSIFICATION NUMBER
Classification number 828.09
Item number RID/SH
100 ## - MAIN ENTRY--AUTHOR NAME
Personal name Riddler, Anne .
245 ## - TITLE STATEMENT
Title Shakespear criticism /
260 ## - PUBLICATION, DISTRIBUTION, ETC. (IMPRINT)
Place of publication London :
Name of publisher Oxford University Press ,
Year of publication 1962.
300 ## - PHYSICAL DESCRIPTION
Number of Pages 388 ; .
942 ## - ADDED ENTRY ELEMENTS (KOHA)
Koha item type Books
Holdings
Withdrawn status Lost status Damaged status Home library Current library Date acquired Full call number Accession Number Koha item type Cost, normal purchase price Public note
Withdrawn     KAUAET Sanskrit University 07/04/2012 828.09 5125 Books    
Withdrawn     KAUAET Sanskrit University 07/04/2012 828.09 11929 Books    
Withdrawn     KAUAET Sanskrit University 07/04/2012 828.09 11927 Books    
Withdrawn     KAUAET Sanskrit University 07/04/2012 828.09 6621 Books 8.60 Transferred to Sanskrit University
free website counter